000 00318nam a22001337a 4500
008 180109b xxu||||| |||| 00| 0 eng d
020 _aT 1220
041 _aeng
080 _a941
100 _a16
101 _aHIS
245 _aFinally it's Friday School & Work in Mid-America 1921-1933
_cReid, L
942 _2udc
_cBK
999 _c39884
_d39884